French players in Premier League (2000-) - Statistics

General Stats
  • This quiz has been taken 187 times
  • The average score is 53 of 213
Answer Stats
Ranking Player Positions Nationality Matches Goals (assists) Periods Clubs % Correct
2 Hugo Lloris GK 361 0 (0) 2012-2023
95%
16 Thierry Henry FW 227 158 (66) 2000-2006, 2011-2012
88%
17 N'Golo Kanté MF 227 12 (17) 2015-2023
86%
12 Olivier Giroud FW 255 90 (29) 2012-2021
86%
4 Gaël Clichy DF 325 3 (18) 2003-2017
83%
172 Ibrahim Ba MF 9 0 (0) 2003-2004
82%
6 Nicolas Anelka FW 299 102 (36) 2001-2004, 2006-2011, 2013-2014
82%
20 Anthony Martial MF, FW 209 63 (27) 2015-2024
81%
19 Samir Nasri MF, FW 220 36 (39) 2008-2016, 2018-2019
81%
11 Bacary Sagna DF 267 4 (19) 2007-2017
80%
33 Paul Pogba MF, FW 157 29 (38) 2011-2012, 2016-2022
80%
13 Laurent Koscielny DF 255 22 (2) 2010-2019
78%
10 Patrice Evra DF 278 7 (21) 2005-2013, 2017-2018
77%
52 William Saliba DF 100 6 (2) 2022-2025
74%
65 Ibrahima Konaté DF 82 1 (2) 2021-2025
72%
32 Alexandre Lacazette FW 158 54 (25) 2017-2022
71%
18 Lucas Digne DF, MF 222 6 (29) 2018-2025
71%
27 Patrick Vieira MF 179 22 (20) 2000-2004, 2009-2011
71%
23 Robert Pirès MF, FW 198 62 (41) 2000-2005, 2010-2011
70%
7 Moussa Sissoko MF, FW 295 16 (25) 2012-2022
69%
5 William Gallas DF 321 25 (3) 2001-2013
66%
60 Fabien Barthez GK 92 0 (0) 2000-2003
65%
41 Jean-Philippe Mateta FW 130 38 (8) 2020-2025
64%
47 Djibril Cissé FW 110 32 (2) 2004-2005, 2008-2009, 2011-2013
62%
137 Édouard Cissé MF 25 0 (0) 2002-2003
62%
14 Kurt Zouma DF 247 15 (3) 2014-2024
61%
9 Louis Saha FW 278 84 (19) 2001-2013
61%
97 Benjamin Mendy DF 50 2 (9) 2017-2022
60%
73 Bernard Mendy DF, FW 70 2 (2) 2002-2003, 2008-2010
60%
57 Alphonse Areola GK 99 0 (0) 2020-2025
59%
39 Claude Makélélé MF 144 2 (4) 2003-2008
59%
22 Morgan Schneiderlin MF 200 13 (3) 2012-2020
58%
37 Florent Malouda MF, FW 149 35 (20) 2007-2012
57%
43 Mamadou Sakho DF 128 3 (2) 2013-2021
57%
77 Raphaël Varane DF, MF 68 2 (1) 2021-2024
57%
79 Wesley Fofana DF 66 1 (0) 2020-2022, 2024-2025
57%
99 Dimitri Payet MF, FW 48 11 (18) 2015-2017
56%
15 Mikaël Silvestre DF 244 9 (19) 2000-2010
56%
44 Abou Diaby MF 124 14 (10) 2005-2014
55%
112 Moussa Diaby DF, MF, FW 38 6 (8) 2023-2024
55%
101 Laurent Blanc DF, MF 48 1 (0) 2001-2003
54%
51 Marcel Desailly DF, MF 104 5 (3) 2000-2004
53%
29 Yohan Cabaye MF 175 26 (14) 2011-2013, 2015-2018
53%
120 Benoît Badiashile DF 34 1 (1) 2022-2025
50%
92 Emmanuel Petit DF, MF 55 2 (9) 2001-2004
50%
48 Illan Meslier GK 107 0 (0) 2020-2023
50%
185 Alou Diarra MF 6 0 (0) 2012-2014
49%
107 Lassana Diarra MF 44 1 (0) 2005-2009
49%
85 Malo Gusto DF 59 0 (7) 2023-2025
48%
64 Michael Olise MF, FW 82 14 (22) 2021-2024
48%
147 Leny Yoro DF 21 0 (0) 2024-2025
47%
28 Mathieu Flamini MF 178 10 (8) 2004-2007, 2013-2017
47%
106 Axel Disasi DF 44 3 (0) 2023-2025
45%
89 Mathieu Debuchy DF 56 2 (3) 2012-2017
45%
74 Boubacar Kamara DF, MF 70 1 (2) 2022-2025
44%
67 Loïc Rémy FW 79 28 (3) 2012-2017
44%
49 Sylvain Wiltord MF, FW 106 31 (16) 2000-2004
44%
63 Hatem Ben Arfa MF, FW 84 13 (10) 2010-2015
43%
88 Mattéo Guendouzi MF 57 0 (1) 2018-2020
42%
81 Tanguy Ndombele MF 63 6 (5) 2019-2022
42%
1 Sylvain Distin DF 469 7 (6) 2001-2016
41%
46 Allan Saint-Maximin MF, FW 111 12 (18) 2019-2023
39%
203 Moussa Dembélé MF, FW 2 0 (0) 2013-2014
39%
30 Neal Maupay MF, FW 160 33 (10) 2019-2024
38%
111 Christopher Nkunku MF, FW 38 6 (2) 2023-2025
35%
84 Eliaquim Mangala DF 59 0 (2) 2014-2015, 2017-2018
35%
175 Steve Mandanda GK 9 0 (0) 2016-2017
34%
50 Francis Coquelin DF, MF 105 0 (1) 2011-2012, 2014-2018
33%
31 Issa Diop DF 160 7 (2) 2018-2025
33%
159 Mathys Tel MF, FW 13 2 (1) 2024-2025
33%
109 Clément Lenglet DF 40 0 (3) 2022-2024
32%
177 Malang Sarr DF 8 0 (0) 2021-2022
32%
25 Steven Nzonzi MF 195 11 (8) 2009-2015
32%
24 Younès Kaboul DF 197 12 (5) 2007-2018
32%
161 Florian Thauvin MF, FW 13 0 (0) 2015-2016
31%
26 Étienne Capoue MF 180 10 (8) 2013-2020
29%
119 Maxence Lacroix DF 35 1 (1) 2024-2025
29%
53 Odsonne Édouard MF, FW 99 18 (5) 2021-2025
28%
115 David Ginola MF, FW 37 3 (4) 2000-2002
27%
131 Jean-Clair Todibo DF 27 0 (0) 2024-2025
26%
127 Tiemoué Bakayoko MF 29 2 (2) 2017-2018
26%
104 Wilson Odobert MF, FW 45 4 (2) 2023-2025
26%
80 Bafétimbi Gomis FW 64 13 (0) 2014-2016
23%
138 Frank Leboeuf DF 25 0 (0) 2000-2001
23%
72 Gabriel Obertan MF, FW 72 2 (8) 2009-2016
23%
110 Georginio Rutter MF, FW 39 5 (4) 2022-2023, 2024-2025
23%
143 Sébastien Squillaci DF 23 1 (0) 2010-2012
23%
8 Charles N'Zogbia DF, FW 281 28 (36) 2004-2012, 2014-2016
20%
113 Lesley Ugochukwu MF 38 1 (1) 2023-2025
20%
3 Steed Malbranque MF 336 39 (55) 2001-2011
20%
160 Zoumana Camara DF 13 1 (0) 2003-2004
20%
70 Boubakary Soumaré MF 76 0 (1) 2021-2022, 2024-2025
19%
87 Jean-Ricner Bellegarde MF, FW 57 4 (8) 2023-2025
19%
86 Aly Cissokho DF 58 0 (1) 2013-2016
18%
105 Anthony Le Tallec MF, FW 44 3 (1) 2003-2006
17%
136 Djibril Sidibé DF, MF 25 0 (4) 2019-2020
17%
54 David N'Gog FW 99 12 (5) 2008-2011, 2013-2014
16%
100 Florent Sinama Pongolle FW 48 5 (2) 2003-2006
16%
140 Jordan Veretout MF 25 0 (5) 2015-2016
16%
68 Youri Djorkaeff MF, FW 78 20 (9) 2001-2005
16%
36 Pascal Chimbonda DF 150 6 (13) 2005-2011
15%
62 Yoan Gouffran MF, FW 89 11 (4) 2012-2016
15%
71 Anthony Knockaert MF, FW 72 5 (7) 2014-2015, 2017-2019
14%
125 Rémy Cabella MF, FW 31 1 (2) 2014-2015
14%
149 Yaya Sanogo FW 21 0 (0) 2013-2015
14%
58 Jérémie Aliadière MF, FW 94 8 (8) 2001-2009
13%
82 Pascal Cygan DF 63 3 (0) 2002-2006
13%
102 Jean-Alain Boumsong DF 47 0 (0) 2004-2006
12%
55 Lys Mousset MF, FW 99 9 (4) 2016-2021
12%
148 Morgan Sanson MF 21 0 (0) 2020-2023
12%
122 Pierre Lees-Melou MF, FW 33 1 (0) 2021-2022
12%
35 Laurent Robert MF, FW 150 23 (32) 2001-2005, 2007-2008
11%
141 Magaye Gueye MF, FW 24 1 (3) 2010-2013
11%
78 Olivier Dacourt MF 66 3 (3) 2000-2002, 2008-2009
11%
126 Christophe Dugarry MF, FW 30 6 (1) 2002-2004
10%
56 Gaël Givet DF 99 3 (3) 2008-2012
10%
183 Modibo Diakité DF 7 0 (0) 2013-2014
10%
173 Lilian Martin DF 9 0 (1) 2000-2001
9%
98 Romain Perraud DF, FW 49 2 (3) 2021-2023
9%
178 Willy Kambwala DF 8 0 (0) 2023-2024
9%
124 Bruno Cheyrou MF 31 2 (0) 2002-2004
8%
121 Christian Karembeu DF, MF 33 4 (4) 2000-2001
8%
96 David Bellion FW 50 5 (1) 2001-2006
8%
133 Emmanuel Rivière FW 26 1 (1) 2014-2016
8%
139 Frederic Guilbert DF, MF 25 0 (2) 2019-2020
8%
90 Gilles Grimandi DF 56 1 (2) 2000-2002
8%
83 Ibrahima Diallo MF 63 0 (2) 2020-2023
8%
75 Julien Faubert DF, FW 69 1 (5) 2007-2011
8%
155 Maxime Estève DF 16 0 (0) 2023-2024
8%
146 Sekou Mara MF, FW 22 1 (2) 2022-2023
8%
116 Yann M'Vila DF, MF 37 1 (4) 2015-2016
8%
152 Anthony Réveillère DF 16 0 (2) 2014-2015
7%
195 Layvin Kurzawa DF, MF 3 0 (0) 2022-2023
7%
34 Antoine Sibierski MF, FW 151 18 (8) 2003-2009
6%
164 Benjamin Stambouli DF, MF 12 0 (0) 2014-2015
6%
108 Florian Lejeune DF, MF 42 2 (2) 2017-2020
6%
95 Morgan Amalfitano MF 52 7 (4) 2013-2015
6%
45 Olivier Bernard DF 115 6 (6) 2001-2005
6%
198 Bernard Diomède MF, FW 2 0 (0) 2000-2001
5%
38 Bruno N'Gotty DF 148 5 (3) 2001-2006
5%
76 Frédéric Piquionne FW 68 11 (5) 2009-2011
5%
168 Jordan Amavi DF 10 0 (2) 2015-2016
5%
211 Mathis Amougou MF 1 0 (0) 2024-2025
5%
129 Maxime Le Marchand DF, MF 28 0 (1) 2018-2019, 2020-2021
5%
103 Olivier Kapo MF, FW 46 6 (1) 2007-2010
5%
162 Ousmane Dabo MF 13 0 (0) 2006-2007
5%
188 Romain Faivre MF, FW 5 0 (0) 2023-2024
5%
169 Vincent Candela DF, MF 10 0 (0) 2004-2005
5%
170 Anthony Modeste FW 9 0 (0) 2011-2012
4%
171 Djibril Diawara DF 9 0 (0) 2001-2002
4%
91 Steve Marlet MF, FW 55 12 (4) 2001-2004
4%
42 Sylvain Legwinski MF 128 8 (5) 2001-2006
4%
114 Sylvain Marveaux MF, FW 38 1 (5) 2011-2014
4%
134 Didier Domi DF 26 0 (1) 2000-2001, 2003-2004
3%
21 Franck Queudrue DF 201 12 (19) 2001-2007, 2009-2010
3%
199 Giulian Biancone DF, MF 2 0 (0) 2022-2023
3%
123 Grégory Vignal DF 33 0 (0) 2000-2002, 2005-2006, 2009-2010
3%
117 Mapou Yanga-Mbiwa DF 37 0 (0) 2012-2014
3%
66 Marc-Antoine Fortuné FW 80 10 (6) 2008-2009, 2010-2013
3%
130 Naouirou Ahamada MF, FW 28 0 (0) 2022-2024
3%
61 Noé Pamarot DF 90 4 (1) 2004-2009
3%
118 Philippe Christanval DF 36 1 (0) 2005-2008
3%
145 Stéphane Dalmat MF 22 3 (1) 2003-2004
3%
40 Alain Goma DF 133 1 (2) 2000-2006
2%
207 Amaury Bischoff MF 1 0 (0) 2008-2009
2%
208 Bernard Lambourde DF 1 0 (0) 2000-2001
2%
135 Christian Nadé FW 25 3 (1) 2006-2007
2%
191 Damien Plessis MF 3 0 (0) 2007-2009
2%
144 Didier Digard MF 23 0 (2) 2008-2009
2%
59 Fabrice Fernandes MF 92 5 (9) 2001-2006
2%
181 Gérald Cid DF 7 0 (0) 2007-2008
2%
166 Ibrahim Amadou DF, MF 11 0 (0) 2019-2020
2%
132 Laurent Charvet DF 27 0 (1) 2000-2001
2%
165 Lilian Laslandes FW 12 0 (0) 2001-2002
2%
150 Lilian Nalis MF 20 1 (0) 2003-2004
2%
93 Martin Djetou DF, MF 54 1 (1) 2002-2003, 2005-2006
2%
204 Niels Nkounkou DF, MF 2 0 (0) 2020-2021
2%
212 Patrice Luzi GK 1 0 (0) 2003-2004
2%
205 Pegguy Arphexad GK 2 0 (0) 2001-2002
2%
174 Pierre-Yves André FW 9 0 (0) 2002-2003
2%
94 Ronald Zubar DF 53 3 (2) 2009-2012
2%
69 Sébastien Schemmel DF 77 1 (9) 2000-2004
2%
213 Ulrich Le Pen MF 1 0 (0) 2001-2002
2%
156 Vincent Péricard FW 16 0 (0) 2003-2004, 2005-2006, 2008-2009
2%
184 Yann Kermorgant FW 7 0 (0) 2015-2016
2%
163 Adama Diakhaby MF, FW 12 0 (0) 2018-2019
1%
153 Christian Bassila DF, MF 16 0 (0) 2000-2001, 2005-2006
1%
210 Cyril Chapuis FW 1 0 (0) 2003-2004
1%
192 Dimitri Foulquier DF, MF 3 0 (0) 2019-2020
1%
142 Elliot Grandin MF, FW 23 1 (3) 2010-2011
1%
193 Éric Roy MF 3 0 (0) 2000-2001
1%
157 Florent Laville DF 15 0 (0) 2002-2004
1%
189 Hérold Goulon DF, MF 4 0 (0) 2010-2011
1%
186 Jérémy Pied DF, FW 6 0 (1) 2016-2018
1%
200 Joachim Kayi Sanda DF 2 0 (0) 2024-2025
1%
201 Johan Cavalli MF 2 0 (0) 2006-2007
1%
128 Kévin Théophile-Catherine DF 28 0 (0) 2013-2014
1%
182 Laurent Courtois MF 7 0 (1) 2001-2002
1%
179 Léandre Griffit MF, FW 7 2 (0) 2003-2005
1%
197 Mikael Mandron FW 3 0 (0) 2012-2013, 2014-2015
1%
151 Pierre Ducrocq DF, MF 19 0 (0) 2001-2002
1%
180 Sébastien Puygrenier DF 7 1 (0) 2008-2009
1%
206 Allan Tchaptchet DF 1 0 (0) 2020-2021
0%
209 Christian Negouai DF, MF 1 0 (0) 2004-2005
0%
187 Didier Agathe DF, FW 5 0 (0) 2006-2007
0%
158 François Grenet DF 15 0 (0) 2001-2002
0%
194 Han-Noah Massengo MF 3 0 (0) 2023-2024
0%
154 Jérôme Bonnissel DF, FW 16 0 (1) 2003-2004
0%
202 Loïc Damour MF 2 0 (0) 2018-2019
0%
196 Mario Espartero MF 3 0 (0) 2001-2002
0%
167 Mathieu Berson MF 11 0 (0) 2004-2005
0%
190 Mickaël Debève MF 4 0 (0) 2001-2002
0%
176 Patrice Carteron DF 8 1 (1) 2000-2001
0%
No matching quizzes found
Score Distribution
Percent of People with Each Score
Percentile by Number Answered
Your Score History
You have not taken this quiz